|
|
|
|
| LEADER |
01755nam a2200409 i 4500 |
| 001 |
EBC4499552 |
| 003 |
MiAaPQ |
| 005 |
20200520144314.0 |
| 006 |
m o d | |
| 007 |
cr cnu|||||||| |
| 008 |
160425t20162016enk ob 000 0 eng d |
| 020 |
|
|
|z 9781844641079
|
| 020 |
|
|
|a 9781844641239
|q (electronic bk.)
|
| 035 |
|
|
|a (MiAaPQ)EBC4499552
|
| 035 |
|
|
|a (Au-PeEL)EBL4499552
|
| 035 |
|
|
|a (CaPaEBR)ebr11202110
|
| 035 |
|
|
|a (OCoLC)946787968
|
| 040 |
|
|
|a MiAaPQ
|b eng
|e rda
|e pn
|c MiAaPQ
|d MiAaPQ
|
| 050 |
|
4 |
|a TX911.3.M27
|b .F766 2016
|
| 082 |
0 |
|
|a 647.94068
|2 23
|
| 245 |
0 |
0 |
|a From start-up to success :
|b the xiecheng management story /
|c Xiecheng Management Team.
|
| 264 |
|
1 |
|a [Reading, England] :
|b Paths International Ltd,
|c 2016.
|
| 264 |
|
4 |
|c 2016
|
| 300 |
|
|
|a 1 online resource (213 pages).
|
| 336 |
|
|
|a text
|2 rdacontent
|
| 337 |
|
|
|a computer
|2 rdamedia
|
| 338 |
|
|
|a online resource
|2 rdacarrier
|
| 490 |
0 |
|
|a Paths International China MBA Series
|
| 504 |
|
|
|a Includes bibliographical references.
|
| 588 |
|
|
|a Description based on online resource; title from PDF title page (ebrary, viewed April 25, 2016).
|
| 590 |
|
|
|a Electronic reproduction. Ann Arbor, MI : ProQuest, 2016. Available via World Wide Web. Access may be limited to ProQuest affiliated libraries.
|
| 650 |
|
0 |
|a Hospitality industry
|x Management.
|
| 655 |
|
4 |
|a Electronic books.
|
| 710 |
2 |
|
|a Xiecheng Management Team.
|
| 776 |
0 |
8 |
|i Print version:
|t From start-up to success: the xiecheng management story.
|d [Reading, England] : Paths International Ltd, c2016
|h 200 pages
|k Paths International China MBA Series
|z 9781844641079
|
| 797 |
2 |
|
|a ProQuest (Firm)
|
| 856 |
4 |
0 |
|u https://ebookcentral.proquest.com/lib/matrademy/detail.action?docID=4499552
|z Click to View
|